<?xml version="1.0" encoding="UTF-8"?>
<record
    xmlns:xsi="http://www.w3.org/2001/XMLSchema-instance"
    xsi:schemaLocation="http://www.loc.gov/MARC21/slim http://www.loc.gov/standards/marcxml/schema/MARC21slim.xsd"
    xmlns="http://www.loc.gov/MARC21/slim">

  <leader>00721nam a22002057a 4500</leader>
  <controlfield tag="003">DO-SdBNP</controlfield>
  <controlfield tag="005">20250611073818.0</controlfield>
  <controlfield tag="007">ta</controlfield>
  <controlfield tag="008">210510e2020    dr ||||er|||| 001 0 spa d</controlfield>
  <datafield tag="040" ind1=" " ind2=" ">
    <subfield code="a">DO-SdBNP</subfield>
    <subfield code="b">spa</subfield>
    <subfield code="c">BNPHU</subfield>
  </datafield>
  <datafield tag="041" ind1=" " ind2=" ">
    <subfield code="h">spa</subfield>
  </datafield>
  <datafield tag="082" ind1=" " ind2="4">
    <subfield code="b">R426e</subfield>
  </datafield>
  <datafield tag="110" ind1="1" ind2=" ">
    <subfield code="a">Rep&#xFA;blica Dominicana.</subfield>
    <subfield code="b">Ministerio de Salud P&#xFA;blica</subfield>
    <subfield code="9">80830</subfield>
  </datafield>
  <datafield tag="245" ind1="1" ind2="0">
    <subfield code="a">Estrategia nacional para la implementaci&#xF3;n de la profilaxis pre-exposici&#xF3;n (PrEP) en la Rep&#xFA;blica Dominicana /</subfield>
  </datafield>
  <datafield tag="260" ind1=" " ind2=" ">
    <subfield code="a">Santo Domingo:</subfield>
    <subfield code="b">Ministerio de Salud P&#xFA;blica,</subfield>
    <subfield code="b">Centro  para el Control y Prevenci&#xF3;n de Enfermedades (DCD),</subfield>
    <subfield code="c">2020</subfield>
  </datafield>
  <datafield tag="300" ind1=" " ind2=" ">
    <subfield code="a">22 p. ;</subfield>
    <subfield code="c">25 cm</subfield>
  </datafield>
  <datafield tag="504" ind1=" " ind2=" ">
    <subfield code="a">Bibliograf&#xED;a : p. 21</subfield>
  </datafield>
  <datafield tag="590" ind1=" " ind2=" ">
    <subfield code="a">Inventariado, 2021 /MF</subfield>
  </datafield>
  <datafield tag="942" ind1=" " ind2=" ">
    <subfield code="2">ddc</subfield>
    <subfield code="c">LF2</subfield>
  </datafield>
  <datafield tag="952" ind1=" " ind2=" ">
    <subfield code="0">0</subfield>
    <subfield code="1">0</subfield>
    <subfield code="2">ddc</subfield>
    <subfield code="7">1</subfield>
    <subfield code="8">PD</subfield>
    <subfield code="a">BNPHU</subfield>
    <subfield code="b">PD</subfield>
    <subfield code="c">HD</subfield>
    <subfield code="d">2021-03-11</subfield>
    <subfield code="e">Donado / Salud P&#xFA;blica</subfield>
    <subfield code="l">0</subfield>
    <subfield code="o">BNPHU PD E822n</subfield>
    <subfield code="p">2021-1691</subfield>
    <subfield code="r">2021-05-10</subfield>
    <subfield code="w">2021-05-10</subfield>
    <subfield code="y">LFPD</subfield>
  </datafield>
  <datafield tag="952" ind1=" " ind2=" ">
    <subfield code="0">0</subfield>
    <subfield code="1">0</subfield>
    <subfield code="2">ddc</subfield>
    <subfield code="7">1</subfield>
    <subfield code="8">PD</subfield>
    <subfield code="a">BNPHU</subfield>
    <subfield code="b">PD</subfield>
    <subfield code="c">HD</subfield>
    <subfield code="d">2021-03-11</subfield>
    <subfield code="e">Donado  / Salud P&#xFA;blica</subfield>
    <subfield code="l">0</subfield>
    <subfield code="o">BNPHU PD E822n</subfield>
    <subfield code="p">2021-1692</subfield>
    <subfield code="r">2021-05-10</subfield>
    <subfield code="t">e.2</subfield>
    <subfield code="w">2021-05-10</subfield>
    <subfield code="y">LFPD</subfield>
  </datafield>
  <datafield tag="952" ind1=" " ind2=" ">
    <subfield code="0">0</subfield>
    <subfield code="1">0</subfield>
    <subfield code="2">ddc</subfield>
    <subfield code="7">5</subfield>
    <subfield code="8">DS</subfield>
    <subfield code="a">BNPHU</subfield>
    <subfield code="b">DO</subfield>
    <subfield code="c">HD</subfield>
    <subfield code="e">Donado / Salud P&#xFA;blica</subfield>
    <subfield code="l">0</subfield>
    <subfield code="o">BNPHU DS E822n</subfield>
    <subfield code="p">2021-1693</subfield>
    <subfield code="r">2021-05-10</subfield>
    <subfield code="t">e.3</subfield>
    <subfield code="w">2021-05-10</subfield>
    <subfield code="y">LFDS</subfield>
  </datafield>
  <datafield tag="999" ind1=" " ind2=" ">
    <subfield code="c">49806</subfield>
    <subfield code="d">49806</subfield>
  </datafield>
</record>
